00255nam a22000857a 4500008004100000082002000041245005700061260004300118300000800161230621b xxu||||| |||| 00| 0 eng d a328.3bCPA 1993 aReport of the Commonwealth Parliamentary Association aZimbabwebParliament of Zimbabwec1993 a32p